| 000 | 01198nam a2200229Ii 4500 | ||
|---|---|---|---|
| 003 | JO-AjNU | ||
| 008 | 230605s9999||||xx |||||||||||||| ||und|| | ||
| 017 | _a2009/6/2435 | ||
| 020 | _a9957-16-539-0 | ||
| 040 |
_aJO-AjNU _bara _erda _cJO-AjNU |
||
| 041 | _aara | ||
| 050 | 1 | 4 | _aK5431.A4222.2010 |
| 100 | 3 |
_a العكايلة ، عبدالله ماجد , _eauthor _926764 |
|
| 245 | 0 | 0 | _aالإختصاصات القانونية لمأمور الضبط القضائي في الأحوال العادية و الإستثنائية "الضابطة العدلية" : دراسة تحليلية تأصيلية نقدية مقارنة في القوانين الأردنية و المصرية و الفرنسية و غيرها |
| 250 | _aط1 | ||
| 264 | 3 | 1 | _aعمان : دار الثقافة ، 2010 |
| 300 |
_a575ص _bيشتمل على المصادر والمراجع الببلوغرافية باللغة العربية والأنجليزية ص ( 559 - 574 ) |
||
| 336 |
_atext _btxt _2rdacontent |
||
| 337 |
_aunmediated _bn _2rdamedia |
||
| 338 |
_avolume _bnc _2rdacarrier |
||
| 650 | 4 |
_aالضابطية الدولية -- أصول المحاكم -- القوانين والأنظمة _926765 |
|
| 999 |
_aA10180 _c13748 _d13748 |
||